000 00653nam a2200253Ia 4500
003 OSt
005 20221005073127.0
006 a|||||r|||| 00| 0
007 ta
008 221004b |||||||| |||| 00| 0 eng d
024 _a30207
037 _cTextual
040 _aCRL
_cCRL
_beng
041 _2eng
_aeng
082 _aV2,4'N, N5
100 _aNarang A S
245 0 _aIndian governament and politics
250 _aFourth Edition
260 _aNew Delhi
_bGitanjali Publishing House India
_c1992
300 _a651p.
_ccm.
650 _aHISTORY
942 _hV2,4'N, N5
_cTEXL
_2cc
999 _c980602
_d980602